Love China today / (Record no. 8684)
[ view plain ]
| 000 -LEADER | |
|---|---|
| fixed length control field | 00795cam a2200277ua 4500 |
| 001 - CONTROL NUMBER | |
| control field | 4437125 |
| 003 - CONTROL NUMBER IDENTIFIER | |
| control field | OSt |
| 005 - DATE AND TIME OF LATEST TRANSACTION | |
| control field | 20140310182036.0 |
| 008 - FIXED-LENGTH DATA ELEMENTS--GENERAL INFORMATION | |
| fixed length control field | 790817s1977 ilua 000 0 eng d |
| 010 ## - LIBRARY OF CONGRESS CONTROL NUMBER | |
| LC control number | 78057957 |
| 035 ## - SYSTEM CONTROL NUMBER | |
| System control number | (OCoLC)5284883 |
| 035 ## - SYSTEM CONTROL NUMBER | |
| System control number | (OCoLC)ocm05284883 |
| 035 ## - SYSTEM CONTROL NUMBER | |
| System control number | (NNC)4437125 |
| 040 ## - CATALOGING SOURCE | |
| Original cataloging agency | ScCoR |
| Transcribing agency | ScCoR |
| Modifying agency | NNUT |
| -- | CStRLIN |
| 050 ## - LIBRARY OF CONGRESS CALL NUMBER | |
| Classification number | BV 3415.2 |
| Item number | .L897 1977 |
| 082 ## - DEWEY DECIMAL CLASSIFICATION NUMBER | |
| Classification number | HS 26.2 |
| Item number | Ai4 1977 |
| 245 00 - TITLE STATEMENT | |
| Title | Love China today / |
| Statement of responsibility, etc | David Aikman, editor. |
| 260 ## - PUBLICATION, DISTRIBUTION, ETC. (IMPRINT) | |
| Place of publication, distribution, etc | Manila, Philippines : |
| Name of publisher, distributor, etc | Open Doors International, |
| Date of publication, distribution, etc | c1977. |
| 300 ## - PHYSICAL DESCRIPTION | |
| Extent | 227 p. : |
| Other physical details | ill. ; |
| Dimensions | 18 cm. |
| 650 #0 - SUBJECT ADDED ENTRY--TOPICAL TERM | |
| Topical term or geographic name as entry element | Missions |
| Geographic subdivision | China. |
| 9 (RLIN) | 10702 |
| 651 #0 - SUBJECT ADDED ENTRY--GEOGRAPHIC NAME | |
| Geographic name | China |
| General subdivision | Church history |
| Chronological subdivision | 20th century. |
| 9 (RLIN) | 10703 |
| 700 1# - ADDED ENTRY--PERSONAL NAME | |
| Personal name | Aikman, David, |
| Dates associated with a name | 1944- |
| 9 (RLIN) | 10704 |
| 942 ## - ADDED ENTRY ELEMENTS (KOHA) | |
| Source of classification or shelving scheme | Library of Congress Classification |
| Koha item type | |
| Call number prefix | |
| Withdrawn status | Lost status | Source of classification or shelving scheme | Damaged status | Home library | Current library | Shelving location | Date acquired | Total Checkouts | Full call number | Barcode | Date last seen | Copy number | Price effective from | Koha item type |
|---|---|---|---|---|---|---|---|---|---|---|---|---|---|---|
| Library of Congress Classification | Luxembourg Library | Luxembourg Library | High School Section | 08/15/2013 | BV 3415.2 .L897 1977 | 7113 | 06/13/2017 | 1 | 08/15/2013 | Books |